000 00806cam a2200277u 4500
001 10279058
003 OSt
005 20140310181645.0
008 821218s1957 nyua j 000 0 eng
010 _a 57008562
020 _a038070921X
040 _aDLC
_cCarP
_dDLC
050 0 0 _aPZ 7
_b.C623 2001
082 _aKF
_bC58h 1985
100 1 _aCleary, Beverly.
_96061
245 1 0 _aHenry and the paper route./
250 _a1st edition.
260 _aNew York:
_bharpercollins,
_c1985.
300 _a192 p. :
_bill. ;
_c22 cm.
541 _j1
562 _efor circulation. 1 copy available in the collection
650 _aNewspaper carriers
_xFiction.
_96098
650 _aFamily life
_xFiction.
_96099
906 _a0
_bcbc
_cpremunv
_du
_encip
_f19
_gy-gencatlg
942 _2lcc
_cBK-KF
_kKF
999 _c890
_d890